Quiz o Irlandii - Statystyki

Ogólne statystyki
  • Ten quiz został rozwiązany 99 razy
  • Średni wynik to 8 z 15
Statystyki odpowiedzi
Wskazówka Odpowiedź % Poprawnych
Stolica Dublin
100%
Waluta Euro
94%
Liczba ludności w milionach (ok.) 5 mln
86%
Język urzędowy Irlandzki
85%
Roślina, która jest symbolem Irlandii Koniczyna
61%
Instrument, który jest symbolem Irlandii Harfa
56%
Główna wyspa, na której jest położona Irlandia
53%
Ocean, do którego ma dostęp od zachodu i północy Ocean Atlantycki
52%
Alkohol z zacieru zbożowego poddawany dojrzewaniu w beczkach; zaczyna się na literę W Whisky
42%
Morze, do którego ma dostęp od wschodu Morze Irlandzkie
39%
Państwo, którego flaga to lustrzane odbicie tej irlandzkiej Wybrzeże Kości Słoniowej
36%
Rok dołączenia do Unii Europejskiej 1973 r.
35%
Największy partner handlowy Stany Zjednoczone
32%
Rodzaj skrzata, który według legend zamieszkuje Irlandię Leprechaun
21%
Morze, do którego ma dostęp od południa Morze Celtyckie
21%
Nie znaleziono quizów pasujących do podanych kryteriów
Rozkład punktacji
Procent ludzi z każdym wynikiem
Percentyl według liczby udzielonych odpowiedzi
Twoja historia wyników
Nie rozwiązałeś tego quizu